Logo BPK

Biblioteka

Politechniki Koszalińskiej

Literary criticism. (Rekord nr 47225)

Szczegóły MARC
000 -ETYKIETA REKORDU
podpole kontrolne o stałej długości 01016nam a2200313 i 4500
001 - NUMER KONTROLNY REKORDU
pole kontrolne bgj
020 ## - MIĘDZYNARODOWY ZNORMALIZOWANY NUMER KSIĄŻKI - ISBN
ISBN 0940450224 (hbk, jacket)
040 ## - ŹRÓDŁO KATALOGOWANIA
Instytucja, która utworzyła rekord BPK
041 0# - KOD JĘZYKA
Kod języka tekstu eng
920 ## - Międzynarodowy znormalizowany numer książki – ISBN
ISBN 0-940450-22-4 (hbk, jacket)
008 - POLE O STAŁEJ DŁUGOŚCI - DANE KONTROLNE
podpole kontrolne o stałej długości s uk f |000 0 eng
100 1# - NAZWA OSOBOWA
Nazwa osobowa JAMES, Henry
Daty związane z nazwą (1843-1916)
245 10 - TYTUŁ/ODPOWIEDZIALNOŚĆ
Tytuł Literary criticism.
Oznaczenie części/sekcji dzieła Vol. 1 /
Pozostałe elementy strefy tytułu i oznaczenia odpowiedzialności Henry James ; [ed. by] Leon Edel with the assistance of Mark Wilson.
250 ## - STREFA WYDANIA
Oznaczenie wydania [2nd print.].
260 ## - STREFA ADRESU WYDAWNICZEGO
Miejsce wydania New York :
Nazwa wydawcy/dystrybutora Literary Classics of the United States,
Data publikacji, dystrybucji/powstania dokumentu c. 1984.
300 ## - STREFA OPISU FIZYCZNEGO
Objętość 1484 pp ;
Rozmiary 21 cm.
490 1# - STREFA SERII I DOKUMENTU WIELOCZĘŚCIOWEGO - FORMA NIE DO WYSZUKIWANIA
Tytuł i oznaczenie odpowiedzialności serii The Library of America ;
Numeracja w obrębie serii 22
505 ## - SFORMALIZOWANA UWAGA DOTYCZĄCA ZAWARTOŚCI
Pełny tekst uwagi Contents: Essays on literature; American writers; English writers.
505 ## - SFORMALIZOWANA UWAGA DOTYCZĄCA ZAWARTOŚCI
Pełny tekst uwagi Includes index.
650 #9 - HASŁO PRZEDMIOTOWE W FORMIE NAZWY OGÓLNEJ LUB JEDNOSTKOWEJ
Nazwa ogólna lub geograficzna Literature
655 ## - TERMIN INDEKSOWY - OKREŚLENIE RODZAJU/FORMY DOKUMENTU
Określenie rodzaju/formy dokumentu Addresses, essays, lectures
700 1# - HASŁO DODATKOWE - NAZWA OSOBOWA
Nazwa osobowa EDEL, Leon.
Określenie związku między hasłem a opisywanym materiałem editor
700 1# - HASŁO DODATKOWE - NAZWA OSOBOWA
Nazwa osobowa WILSON, Mark.
Określenie związku między hasłem a opisywanym materiałem editor
740 02 - HASŁO DODATKOWE - TYTUŁ DOKUMENTU ZWIAZANEGO/TYTUŁ PRACY WSPÓŁWYDANEJ
Tytuł Essays on literature
740 02 - HASŁO DODATKOWE - TYTUŁ DOKUMENTU ZWIAZANEGO/TYTUŁ PRACY WSPÓŁWYDANEJ
Tytuł American writers
740 02 - HASŁO DODATKOWE - TYTUŁ DOKUMENTU ZWIAZANEGO/TYTUŁ PRACY WSPÓŁWYDANEJ
Tytuł English writers
830 ## - HASŁO DODATKOWE SERII LUB DOKUMENTU WIELOCZĘŚCIOWEGO - TYTUŁ UJEDNOLICONY
Tytuł ujednolicony The Library of America ;
856 ## - LOKALIZACJA I DOSTĘP DO ELEKTRONICZNYCH DOKUMENTÓW ZDALNYCH
Link (URL) http://koha.tu.koszalin.pl/cgi-bin/koha/opac-detail.pl?biblionumber=47225
Tekst linku Katalog online BPK
942 ## - DODATKOWE ELEMENTY (KOHA)
Typ dokumentu Książka
Egzemplarze
Wycofany Status egzemplarza Uszkodzony Dostępność Lokalizacja stała Lokalizacja bieżąca Miejsce przechowywania Sygnatura Kod kreskowy Typ dokumentu
      Dostępny Biblioteka Politechniki Koszalińskiej Biblioteka Politechniki Koszalińskiej Wypożyczalnia Językowa KA 2586 09034976 Książka
© 2023 Biblioteka Politechniki Koszalińskiej :: KOHA